| 000 | 00449nam a22001577a 4500 | ||
|---|---|---|---|
| 999 |
_c10722 _d10722 |
||
| 008 | 180918b ||||| |||| 00| 0 eng d | ||
| 020 | _a978-0-14-242194-9 | ||
| 082 |
_22011 _aDFic _bF613 |
||
| 100 |
_aFlanagan, John _931269 |
||
| 245 |
_aBrotherband chronicles: _bBook 1: The outcasts |
||
| 260 |
_aNew York : _bPenguin Books, _c©2011. |
||
| 300 |
_a453 pages ; _c19 cm. |
||
| 650 |
_aFiction _931270 |
||
| 365 |
_b413.00 _cPhp |
||
| 942 |
_2ddc _cDFIC |
||